000 00623nam a2200181 a 4500
003 0
005 20250306134531.0
008 101013s19uu xx 00 eng d
050 _aPHS BF 575.A86
_b.Om5 2010
100 _aOmillo, John Ashnell E.
245 _aAttachment styles and empathy /
_cJohn Ashnell E. Omillo.
260 _aLas PiƱas City, Philippines :
_bSouthville International School and Colleges,
_c2010.
300 _a30 pages :
_billustrations ;
_c30 cm.
504 _aIncludes bibliographical references.
650 _aAttachment behavior.
650 _aEmpathy
_xPsychological aspects.
942 _2lcc
_cPASS
999 _c98453
_d98453